<?xml version="1.0" encoding="UTF-8"?>
<record
    xmlns:xsi="http://www.w3.org/2001/XMLSchema-instance"
    xsi:schemaLocation="http://www.loc.gov/MARC21/slim http://www.loc.gov/standards/marcxml/schema/MARC21slim.xsd"
    xmlns="http://www.loc.gov/MARC21/slim">

  <leader>01614cam a22003135a 4500</leader>
  <controlfield tag="001">17440648</controlfield>
  <controlfield tag="005">20160828161655.0</controlfield>
  <controlfield tag="008">120824s2013    iaua   frb    001 0 eng d</controlfield>
  <datafield tag="010" ind1=" " ind2=" ">
    <subfield code="a">  2012028348</subfield>
  </datafield>
  <datafield tag="020" ind1=" " ind2=" ">
    <subfield code="a">9780470958544 </subfield>
  </datafield>
  <datafield tag="020" ind1=" " ind2=" ">
    <subfield code="a">0470958545</subfield>
  </datafield>
  <datafield tag="040" ind1=" " ind2=" ">
    <subfield code="a">DLC</subfield>
    <subfield code="b">eng</subfield>
    <subfield code="c">DLC</subfield>
    <subfield code="d">EG-ScBUE</subfield>
  </datafield>
  <datafield tag="042" ind1=" " ind2=" ">
    <subfield code="a">pcc</subfield>
  </datafield>
  <datafield tag="082" ind1="0" ind2="4">
    <subfield code="2">22</subfield>
    <subfield code="a">617.058</subfield>
    <subfield code="b">BLA</subfield>
  </datafield>
  <datafield tag="100" ind1="1" ind2=" ">
    <subfield code="a">Blayden, Jessica.</subfield>
    <subfield code="9">40948</subfield>
  </datafield>
  <datafield tag="245" ind1="1" ind2="0">
    <subfield code="a">Soft-tissue lasers in dental hygiene /</subfield>
    <subfield code="c">Jessica Blayden, Angie Mott.</subfield>
  </datafield>
  <datafield tag="260" ind1=" " ind2=" ">
    <subfield code="a">Ames, Iowa :</subfield>
    <subfield code="b">Wiley-Blackwell,</subfield>
    <subfield code="c">2013.</subfield>
  </datafield>
  <datafield tag="300" ind1=" " ind2=" ">
    <subfield code="a">vii, 229 p. :</subfield>
    <subfield code="b">ill. (some col.) ;</subfield>
    <subfield code="c">25 cm.</subfield>
  </datafield>
  <datafield tag="500" ind1=" " ind2=" ">
    <subfield code="a">Index : p. 223-229.</subfield>
  </datafield>
  <datafield tag="504" ind1=" " ind2=" ">
    <subfield code="a">Includes bibliographical references.</subfield>
  </datafield>
  <datafield tag="505" ind1="0" ind2=" ">
    <subfield code="a">Laser history -- Laser physics -- Laser components -- Lasers available in dentistry -- Periodontal therapy -- What can be achieved with lasers: possible guided tissue regeneration -- Laser applications for the dental hygienist -- How to implement lasers in dental hygiene -- Communication skills for the dental hygienist -- Insurance codes: how is laser paid for? -- Laser cases.</subfield>
  </datafield>
  <datafield tag="520" ind1=" " ind2=" ">
    <subfield code="a">The uses and benefits of soft-tissue lasers in dental hygiene practice are myriad. Lasers are used for more effective debridement, scaling and planning, with less pain and bleeding. Hygienists can detect sub- and supra-gingival calculus, remove the bacteria in pockets, and remove granulation, among other treatments.</subfield>
  </datafield>
  <datafield tag="650" ind1=" " ind2="7">
    <subfield code="a">Lasers in dentistry.</subfield>
    <subfield code="2">BUEsh</subfield>
    <subfield code="9">39935</subfield>
  </datafield>
  <datafield tag="650" ind1=" " ind2="7">
    <subfield code="a">Periodontics.</subfield>
    <subfield code="9">39502</subfield>
  </datafield>
  <datafield tag="651" ind1=" " ind2=" ">
    <subfield code="2">BUEsh</subfield>
  </datafield>
  <datafield tag="653" ind1=" " ind2=" ">
    <subfield code="b">DDent</subfield>
    <subfield code="c">August 2016	</subfield>
  </datafield>
  <datafield tag="700" ind1="1" ind2=" ">
    <subfield code="a">Mott, Angie.</subfield>
    <subfield code="9">40953</subfield>
  </datafield>
  <datafield tag="942" ind1=" " ind2=" ">
    <subfield code="2">ddc</subfield>
    <subfield code="e">22</subfield>
    <subfield code="k">617.058 BLA</subfield>
  </datafield>
  <datafield tag="999" ind1=" " ind2=" ">
    <subfield code="c">22267</subfield>
    <subfield code="d">22239</subfield>
  </datafield>
  <datafield tag="952" ind1=" " ind2=" ">
    <subfield code="0">0</subfield>
    <subfield code="1">0</subfield>
    <subfield code="2">ddc</subfield>
    <subfield code="4">0</subfield>
    <subfield code="7">0</subfield>
    <subfield code="8">Academic</subfield>
    <subfield code="a">MAIN</subfield>
    <subfield code="b">MAIN</subfield>
    <subfield code="c">1ST</subfield>
    <subfield code="d">2016-08-28</subfield>
    <subfield code="e">Purchase</subfield>
    <subfield code="g">448.00</subfield>
    <subfield code="h">9126</subfield>
    <subfield code="l">1</subfield>
    <subfield code="m">2</subfield>
    <subfield code="o">617.058 BLA</subfield>
    <subfield code="p">000033178</subfield>
    <subfield code="r">2025-07-15 00:00:00</subfield>
    <subfield code="s">2019-02-25</subfield>
    <subfield code="v">560.00</subfield>
    <subfield code="y">BB</subfield>
  </datafield>
</record>
